| 000 | 010170am a2200277 004500 | ||
|---|---|---|---|
| 003 | EG-GiCUC | ||
| 008 | 080426s2006 ua g 000 0 ara d | ||
| 017 |
_a1990 / 2151 _bمصر.دار الكتب |
||
| 020 | _a9771830112 | ||
| 040 |
_aEG-GiCUC _bara _cEG-GiCUC |
||
| 050 | 4 |
_aBP80.M75. _bA3 |
|
| 092 | 0 | 4 |
_a922.339 _bH211 2006 _a210.92 _221 |
| 099 |
_a04 _a922.339 H211 2006 _a210.92 |
||
| 100 | 1 | _aحمدان : عبد الحميد صالح | |
| 245 | 1 | 0 |
_aامام العلماء معاذ بن جبل / _cعبد الحميد صالح حمدان |
| 250 | _aط2 | ||
| 260 |
_aالقاهرة : _bالدار المصرية اللبنانية : _c2006 |
||
| 300 |
_a124ص ؛ _c24سم |
||
| 600 | 0 | 0 |
_aمعاذ ابن جبل : _dت639 |
| 650 | 7 |
_aالصحابة والتابعون _xتراجم _2qrmak |
|
| 902 | _a1 | ||
| 905 |
_aايمان ع _eمراجع |
||
| 905 |
_aمنى _eمدخل |
||
| 942 |
_2ddc _cBK |
||
| 999 |
_c98458 _d98458 |
||